000 00915nam0a2200289 4500
001 RU\NLR\bibl\1493605
005 20250616013605.0
010 _a978-5-9921-0745-6
_97000
021 _aRU
_b2010-10493
_9692
035 _a(nilc)RSL-KNO-004582794
035 _a(NLR Aleph) 001485139
090 _a1728301
_c1728301
100 _a20100216d2009 |||y0rusy50 ca
101 0 _arus
102 _aRU
105 _aa zzzz|||||
200 1 _aТеремок
_e[русская сказка
_eдля чтения взрослыми детям
_fхудож. О. Тукалевская]
210 _aМосква
_cЛинг
_d2009
215 _a[10] с.
_cцв. ил.
_d22
225 1 _aЧитаем с мамой
702 1 _aТукалевская
_bО.
_4040
801 0 _aRU
_bРГБ
_c20100216
_gRCR
801 1 _aRU
_bРГБ
_c20100216
801 2 _aRU
_bNLR
_c20100402
_grcr
942 _cBOOK
980 _aNB